01482nam0a22003011 4500001001100000005001700011021001900028035002600047100004100073101000800114102000700122105001800129200017800147210011100325215002400436300014100460320011500601320003800716606010100754702007500855702003400930702004200964702007301006702003901079801001801118801002201136852002201158rc\411983620250611100639.0 aRUb[48-29238] a(NLR Aleph) 008151613 a20130415d1948 |||y0rusy50 ca0 arus aRU aa z |||||1 aОпределитель насекомых Европейской части СССРfПод ред. С.П. Тарбинского и Н.Н. Плавильщикова aМоскваaЛенинградcСельхозгизd1948gТип. "Печ. двор" в Л. [и др.] a1128 с.cил.d26 aНа обороте тит. л. сост.: А.И. Аргиропуло, К.В. Арнольди, Г.Я. Бей-Биенко [и др.] aУказатель терминов и Указатель рус. и лат. названий: с. 1096-1127 aБиблиогр. в тексте aНасекомыеyЕвропейская часть СССРjОпределители2psbo 1aАргиропулоbА.И.gАнатолий Иванович4220 1aАрнольдиbК.В.4220 1aПлавильщиковbН.Н.4340 1aТарбинскийbС.П.gСергей Петрович4340 1aБей-БиенкоbГ.Я.4220 0aRUbNLRgpsbo 1aRUbELAR2rusmarc aNLRjЗ02 Г-7/41